000 00965nam a2200253 a 4500
001 41799
003 BD-RjUL
005 20211209053443.0
008 160606s1953 ilu b 001 0 eng
035 _a(BD-RjUL)41917
035 _a9318320
040 _aDLC
_cODaWU
_dOCoLC
_dUk
_dDLC
_dBD-RjUL
_beng
041 _aeng
082 _223
_a323.4
_bSTN 1953
100 1 _aStrauss, Leo.
_9128403
245 1 0 _aNatural right and history /
_cby Leo Strauss.
260 _aChicago ;
_aLondon :
_bUniversity of Chicago Press,
_cc1953.
300 _aix, 327 p. ;
_c22 cm.
500 _a"...an expanded version of six lectures...delivered at the University of Chicago in October, 1949, under the auspices of the Charles R. Walgreen Foundation."--Preface, p. vii.
650 0 _aNatural law.
_9128404
710 2 _aCharles R. Walgreen Foundation for the Study of American Institutions.
_9128405
830 0 _aCharles R. Walgreen Foundation lectures
_9125745
942 _2ddc
_cBK
999 _c41799
_d41799